[Event "Bhubaneswar Odisha op"]
[Site "Bhubaneswar"]
[Date "2024.12.15"]
[Round "1"]
[White "Shyam, Nikil P"]
[Black "Abhinav, Raj"]
[Result "1-0"]
[WhiteElo "2445"]
[BlackElo "1999"]
[PlyCount "99"]
[EventDate "2024.12.15"]
[EventType "swiss"]
[EventRounds "10"]
[EventCountry "IND"]
[SourceTitle "CB52_2024"]
[SourceDate "2024.12.25"]
[SourceVersion "1"]
[SourceVersionDate "2024.12.25"]
[SourceQuality "1"]

1. Nf3 Nf6 2. b3 b6 3. g3 Bb7 4. Bg2 e5 5. d3 Bb4+ 6. c3 Be7 7. 0-0 d6 8. c4 0-0 9. Nc3 Nbd7 10. Bb2 Re8 11. Re1 Rb8 12. e4 Nc5 13. b4 Ne6 14. Nd5 c5 15. Nxe7+ Qxe7 16. Nh4 cxb4 17. Nf5 Qc7 18. a3 g6 19. Ne3 bxa3 20. Rxa3 a5 21. f4 Nd4 22. Bxd4 exd4 23. Nc2 Qc5 24. Qa1 d5 25. exd5 Bxd5 26. Rxe8+ Rxe8 27. Bxd5 Nxd5 28. Qxd4 Nb4 29. Qxc5 bxc5 30. Nxb4 axb4 31. Ra5 Rb8 32. Kf2 Kg7 33. Ke2 Rb7 34. Kd2 Rc7 35. d4 cxd4 36. Kd3 Kf6 37. Rb5 Ra7 38. c5 b3 39. Kxd4 Ra2 40. Rxb3 Rxh2 41. c6 Rc2 42. Kd5 Rd2+ 43. Kc5 Rc2+ 44. Kb6 h5 45. c7 g5 46. fxg5+ Ke6 47. Kb7 Kf5 48. c8Q+ Rxc8 49. Kxc8 Kxg5 50. Rb4 1-0

[Event "IND-ch U17 34th"]
[Site "Chandigarh"]
[Date "2024.07.22"]
[Round "10"]
[White "Abhinav, Raj"]
[Black "Nimay, Agrawal"]
[Result "1-0"]
[WhiteElo "1834"]
[BlackElo "1896"]
[PlyCount "95"]
[EventDate "2024.07.15"]
[EventType "swiss"]
[EventRounds "11"]
[EventCountry "IND"]
[SourceTitle "CBM 221 Extra"]
[Source "ChessBase"]
[SourceDate "2024.09.30"]
[SourceVersion "1"]
[SourceVersionDate "2024.09.30"]
[SourceQuality "1"]

1. e4 c5 2. Nf3 g6 3. d4 cxd4 4. Nxd4 Bg7 5. Nc3 Nc6 6. Be3 Nf6 7. Nxc6 bxc6 8. e5 Ng8 9. Bd4 Qa5 10. e6 Nf6 11. exd7+ Bxd7 12. Be2 0-0 13. 0-0 Rfd8 14. Qe1 e5 15. Be3 Bf5 16. Bg5 Qc7 17. Bf3 Bxc2 18. Bxf6 Bxf6 19. Rc1 Bd3 20. Nd5 Qd6 21. Nxf6+ Qxf6 22. Rxc6 Qg5 23. Qc1 Qf5 24. Re1 e4 25. Bd1 Rac8 26. Bb3 Rxc6 27. Qxc6 Qf4 28. Qb7 a6 29. g3 Qf5 30. Rc1 Be2 31. Qe7 Rf8 32. Bc4 Bf3 33. Bxa6 Qa5 34. Qa3 Qd2 35. Qc3 Qg5 36. Bc4 h5 37. Qe3 Qf6 38. b4 h4 39. Qf4 Qb2 40. Qh6 Bh5 41. g4 e3 42. Bxf7+ Kxf7 43. Rc7+ Ke6 44. Qxe3+ Kd5 45. Qc5+ Ke4 46. Re7+ Kd3 47. Rd7+ Ke2 48. Qe3# 1-0

[Event "IND-ch U17 34th"]
[Site "Chandigarh"]
[Date "2024.07.17"]
[Round "4"]
[White "Abhinav, Raj"]
[Black "Md, Bashiq Imrose"]
[Result "0-1"]
[WhiteElo "1834"]
[BlackElo "2140"]
[PlyCount "108"]
[EventDate "2024.07.15"]
[EventType "swiss"]
[EventRounds "11"]
[EventCountry "IND"]
[SourceTitle "CBM 221 Extra"]
[Source "ChessBase"]
[SourceDate "2024.09.30"]
[SourceVersion "1"]
[SourceVersionDate "2024.09.30"]
[SourceQuality "1"]

1. e4 e6 2. d4 d5 3. Nd2 c5 4. Ngf3 cxd4 5. exd5 Qxd5 6. Bc4 Qd7 7. Nb3 Qc7 8. Qxd4 Nc6 9. Qd3 a6 10. Qe2 Bd6 11. Bg5 Nf6 12. Rd1 b5 13. Bd3 Bb7 14. 0-0 h6 15. Bh4 Ne5 16. Nxe5 Bxe5 17. Bg3 Qc6 18. f4 Bxb2 19. c4 bxc4 20. Bxc4 0-0 21. Bxe6 Bc3 22. Bh3 Rfe8 23. Qd3 Nd5 24. Rf3 Bf6 25. Rc1 Nc3 26. Rxc3 Qb6+ 27. Rc5 Bxf3 28. gxf3 Rad8 29. Qc2 Be7 30. Bf2 Bxc5 31. Nxc5 Qd6 32. Bg4 Qd1+ 33. Qxd1 Rxd1+ 34. Kg2 Rd2 35. a4 Ree2 36. Ne4 Ra2 37. Bd7 g6 38. Kg3 Kh7 39. f5 h5 40. h4 gxf5 41. Bxf5+ Kg8 42. Bd7 Rac2 43. a5 Rc7 44. Bb6 Rcc2 45. Bf5 Rg2+ 46. Kf4 Rc4 47. Ke5 Rh2 48. Bd8 Kf8 49. Kf4 Rg2 50. Ke5 Rb2 51. Bb6 Kg7 52. Kf4 f6 53. Bd8 Kf7 54. Kg3 Ra4 0-1

[Event "Commonwealth-ch U10"]
[Site "New Delhi"]
[Date "2019.07.03"]
[Round "3.2"]
[White "Bharadia, Yash"]
[Black "Abhinav, Raj"]
[Result "1-0"]
[WhiteElo "1942"]
[BlackElo "1496"]
[PlyCount "88"]
[EventDate "2019.07.01"]
[EventType "swiss"]
[EventRounds "7"]
[EventCountry "IND"]
[SourceTitle "EXT 2024"]
[Source "ChessBase"]
[SourceDate "2023.10.10"]
[SourceVersion "1"]
[SourceVersionDate "2023.10.10"]
[SourceQuality "1"]

1. e4 c5 2. Nf3 d6 3. d4 cxd4 4. Nxd4 Nf6 5. Nc3 g6 6. Be3 Bg7 7. f3 0-0 8. Qd2 Nc6 9. 0-0-0 d5 10. Qe1 e5 11. Nxc6 bxc6 12. exd5 cxd5 13. Bg5 Be6 14. Bc4 Qc7 15. Bxf6 dxc4 16. Bxg7 Kxg7 17. h4 h5 18. Qe3 f6 19. Ne4 Qb6 20. Qa3 Rad8 21. Rhe1 a5 22. Qe7+ Bf7 23. Qc5 Qxc5 24. Nxc5 Rc8 25. Nb7 Rc7 26. Nd6 Rd7 27. Nf5+ gxf5 28. Rxd7 Kg6 29. Ra7 c3 30. b3 Rd8 31. Rd1 Rxd1+ 32. Kxd1 e4 33. Rxa5 e3 34. g3 Be8 35. Ke2 Bc6 36. Rc5 Bb7 37. Kxe3 Ba6 38. Kf4 Be2 39. Rxc3 Bb5 40. a4 Bd7 41. Rc5 Be6 42. a5 Bd7 43. a6 Be6 44. a7 Bf7 1-0